វិធីសាស្រ្តដាំដុះ និងវិធានការគ្រប់គ្រងស្មៅចង្រៃតាមរដូវកាលដាំដុះនៃដំណាំស្រូវ rice establishment methods and weed managerment in season (Record no. 19226)
[ view plain ]
| 000 -LEADER | |
|---|---|
| fixed length control field | 00666nam a22001577a 4500 |
| 003 - CONTROL NUMBER IDENTIFIER | |
| control field | LRUA |
| 005 - DATE AND TIME OF LATEST TRANSACTION | |
| control field | 20200520142306.0 |
| 008 - FIXED-LENGTH DATA ELEMENTS--GENERAL INFORMATION | |
| fixed length control field | 200520b xxu||||| |||| 00| 0 eng d |
| 040 ## - CATALOGING SOURCE | |
| Transcribing agency | RUA |
| 082 ## - DEWEY DECIMAL CLASSIFICATION NUMBER | |
| Classification number | AGR LY 2012 B663 Or.1 |
| 100 ## - MAIN ENTRY--PERSONAL NAME | |
| 9 (RLIN) | 14255 |
| Personal name | LY VISAL លី វិសាល |
| 245 ## - TITLE STATEMENT | |
| Title | វិធីសាស្រ្តដាំដុះ និងវិធានការគ្រប់គ្រងស្មៅចង្រៃតាមរដូវកាលដាំដុះនៃដំណាំស្រូវ rice establishment methods and weed managerment in season |
| 260 ## - PUBLICATION, DISTRIBUTION, ETC. (IMPRINT) | |
| Place of publication, distribution, etc. | RUA |
| Name of publisher, distributor, etc. | Phnom penh |
| Date of publication, distribution, etc. | 2012 |
| 300 ## - PHYSICAL DESCRIPTION | |
| Extent | xii;46p |
| Other physical details | ill; |
| Dimensions | 29cm |
| 942 ## - ADDED ENTRY ELEMENTS (KOHA) | |
| Source of classification or shelving scheme | |
| Koha item type | AGR |
No items available.